| 000 | 00601nam a2200205Ia 4500 | ||
|---|---|---|---|
| 003 | GCL | ||
| 008 | 140319s9999 xx 000 0 ara d | ||
| 040 |
_aGCL / _cGCL |
||
| 082 | 0 | 4 |
_a811.9 _bج د |
| 100 | 1 | _aجميل صليبا | |
| 245 | 1 | 0 |
_aديوان خليل مردم بك / _cجميل صليبا |
| 700 | 1 | _aعدنان مردم بك (محقق) | |
| 700 | 1 | _aخليل مردم | |
| 260 |
_a[S.N] : _bدار صادر ، _c1985 |
||
| 300 | _a440 ص | ||
| 490 | _a | ||
| 650 | 0 | 4 | _aدواوين وقصائد |
| 650 | 0 | 4 | _aالشعر العربى - العصر الحديث |
| 942 |
_2ddc _cBK |
||
| 999 |
_c37359 _d37359 |
||